[Event "EU-ch Seniors 65 21st"]
[Site "Lublin"]
[Date "2022.07.09"]
[Round "5"]
[White "Bogdanov, Valentin"]
[Black "Malesevic, Nedeljko"]
[Result "1/2-1/2"]
[WhiteElo "2333"]
[BlackElo "2228"]
[PlyCount "64"]
[EventDate "2022.07.05"]
[EventType "swiss"]
[EventRounds "9"]
[EventCountry "POL"]
[SourceTitle "CBM 209 Extra"]
[Source "ChessBase"]
[SourceDate "2022.09.30"]
[SourceVersion "1"]
[SourceVersionDate "2022.09.30"]
[SourceQuality "1"]

1. d4 d5 2. c4 e6 3. Nc3 Nf6 4. Bg5 Be7 5. e3 c6 6. Nf3 Nbd7 7. Rc1 0-0 8. Bd3 dxc4 9. Bxc4 Nd5 10. Bxe7 Qxe7 11. 0-0 Nxc3 12. Rxc3 e5 13. Bb3 e4 14. Nd2 Kh8 15. Qh5 f5 16. f3 Nf6 17. Qh4 Be6 18. fxe4 Bxb3 19. axb3 fxe4 20. Rc5 Rae8 21. Re5 Qb4 22. Nxe4 Nxe4 23. Rxf8+ Rxf8 24. Rxe4 Qxb3 25. h3 h6 26. Re7 Qxb2 27. Qg3 Qb1+ 28. Kh2 Rg8 29. Qc7 Qb4 30. Qxb7 Qd6+ 31. Re5 Re8 32. Qxa7 Rxe5 1/2-1/2

[Event "Wch Seniors 65 29th"]
[Site "Bucharest"]
[Date "2019.11.15"]
[Round "4"]
[White "Bogdanov, Valentin"]
[Black "Nordstrom, Felix"]
[Result "1/2-1/2"]
[WhiteElo "2350"]
[BlackElo "2050"]
[PlyCount "100"]
[EventDate "2019.11.12"]
[EventType "swiss"]
[EventRounds "11"]
[EventCountry "ROU"]
[SourceTitle "CBM 193 Extra"]
[Source "ChessBase"]
[SourceDate "2020.01.31"]
[SourceVersion "1"]
[SourceVersionDate "2020.01.31"]
[SourceQuality "1"]

1. d4 d5 2. c4 dxc4 3. e3 Nf6 4. Bxc4 e6 5. Nf3 c5 6. 0-0 a6 7. Qe2 b5 8. Bb3 Bb7 9. Nc3 Nbd7 10. Rd1 Bd6 11. e4 cxd4 12. Nxd4 Qb8 13. g3 Nc5 14. Bc2 0-0 15. Nb3 Nxb3 16. axb3 e5 17. Bg5 Be7 18. Bxf6 Bxf6 19. Nd5 Bxd5 20. exd5 Rd8 21. Be4 g6 22. Rac1 Ra7 23. Rc6 Be7 24. Bg2 Bd6 25. Rdc1 Qb7 26. Qe3 Qe7 27. Rc8 Rxc8 28. Rxc8+ Kg7 29. Rc6 Rc7 30. h4 b4 31. Qb6 Rxc6 32. dxc6 f5 33. Bd5 e4 34. Qb7 Kf6 35. Kg2 h6 36. Bc4 a5 37. Qc8 Be5 38. Qg8 Bd6 39. Qd5 Bc7 40. Kf1 Bd6 41. Ke2 Bc7 42. Qg8 Bb6 43. Bd5 Bc7 44. g4 fxg4 45. Qh8+ Kf5 46. Qxh6 Bf4 47. Qh8 e3 48. Qc8+ Kf6 49. Qh8+ Kf5 50. Qc8+ Kf6 1/2-1/2

[Event "EU-ch Seniors 65 19th"]
[Site "Rhodes"]
[Date "2019.04.11"]
[Round "6"]
[White "Kalegin, Evgenij"]
[Black "Bogdanov, Valentin"]
[Result "1-0"]
[WhiteElo "2424"]
[BlackElo "2357"]
[PlyCount "85"]
[EventDate "2019.04.06"]
[EventType "swiss"]
[EventRounds "9"]
[EventCountry "GRE"]
[SourceTitle "CBM 189 Extra"]
[Source "ChessBase"]
[SourceDate "2019.06.03"]
[SourceVersion "1"]
[SourceVersionDate "2019.06.03"]
[SourceQuality "1"]

1. e4 e6 2. d4 d5 3. Nc3 Bb4 4. e5 c5 5. a3 Bxc3+ 6. bxc3 Ne7 7. h4 Qc7 8. Nf3 Bd7 9. Bd3 Nbc6 10. 0-0 0-0-0 11. Re1 c4 12. Bf1 f6 13. Bf4 Qa5 14. Qd2 Rdf8 15. exf6 gxf6 16. g3 Re8 17. h5 Nd8 18. Bh3 Nec6 19. a4 Nf7 20. Rab1 Ncd8 21. Rb4 h6 22. Nh4 Ng5 23. Bg2 Bxa4 24. Ra1 b5 25. Ng6 Rh7 26. Re1 Rd7 27. g4 Nc6 28. Rbb1 Qb6 29. Ra1 Qd8 30. Bg3 Rb7 31. Re2 Qd7 32. Qf4 f5 33. gxf5 exf5 34. Rxe8+ Qxe8 35. Qxf5+ Rd7 36. Nf8 Ne7 37. Qe5 Kb7 38. Nxd7 Qxd7 39. Re1 Ne4 40. Bxe4 dxe4 41. Qg7 Kc8 42. Rxe4 Nf5 43. Re8+ 1-0

[Event "EU-ch Seniors 65 19th"]
[Site "Rhodes"]
[Date "2019.04.09"]
[Round "4"]
[White "Balashov, Yuri S"]
[Black "Bogdanov, Valentin"]
[Result "1-0"]
[WhiteElo "2470"]
[BlackElo "2357"]
[PlyCount "45"]
[EventDate "2019.04.06"]
[EventType "swiss"]
[EventRounds "9"]
[EventCountry "GRE"]
[SourceTitle "CBM 189 Extra"]
[Source "ChessBase"]
[SourceDate "2019.06.03"]
[SourceVersion "1"]
[SourceVersionDate "2019.06.03"]
[SourceQuality "1"]

1. c4 Nf6 2. Nc3 e6 3. d4 d5 4. Bg5 Be7 5. e3 c6 6. Nf3 Nbd7 7. Bd3 dxc4 8. Bxc4 Nd5 9. Bxe7 Qxe7 10. Rc1 Nxc3 11. Rxc3 e5 12. d5 Nb6 13. dxc6 bxc6 14. Be2 0-0 15. a3 e4 16. Nd2 Qg5 17. g3 f5 18. Rxc6 Bd7 19. Rd6 Rad8 20. Nc4 Ba4 21. Qd4 Qe7 22. Nxb6 Rxd6 23. Qc4+ 1-0

[Event "Wch Seniors 65 26th"]
[Site "Marianske Lazne"]
[Date "2016.11.27"]
[Round "8"]
[White "Pushkov, Nikolai"]
[Black "Bogdanov, Valentin"]
[Result "1/2-1/2"]
[WhiteElo "2325"]
[BlackElo "2385"]
[PlyCount "110"]
[EventDate "2016.11.19"]
[EventType "swiss"]
[EventRounds "11"]
[EventCountry "CZE"]
[SourceTitle "CBM 175 Extra"]
[Source "ChessBase"]
[SourceDate "2016.12.12"]
[SourceVersion "1"]
[SourceVersionDate "2016.12.12"]
[SourceQuality "1"]

1. Nf3 Nf6 2. c4 g6 3. Nc3 d5 4. cxd5 Nxd5 5. Qb3 Nb6 6. d4 Bg7 7. Bf4 0-0 8. e3 Nc6 9. Rd1 Bg4 10. Be2 a5 11. 0-0 a4 12. Qa3 Nd5 13. Nxd5 Qxd5 14. Bxc7 b5 15. Qd3 Rfc8 16. Bg3 Qxa2 17. Qxb5 Na7 18. Qb7 a3 19. Rd2 Nc6 20. bxa3 Qxa3 21. Qb2 Qa5 22. h3 Bf5 23. Rc1 Be4 24. Kh2 h6 25. Rdd1 Bd5 26. Bc4 Nxd4 27. Nxd4 Bxc4 28. Ra1 Qd5 29. Rxa8 Rxa8 30. Rc1 Kh7 31. Qb4 Ba2 32. Qxe7 Bxd4 33. exd4 Qxd4 34. Rc7 Qd8 35. Qe3 Rc8 36. Rb7 Qd5 37. Rb2 Bc4 38. Rd2 Qe6 39. Qd4 Ba6 40. Qa7 Bc4 41. Qd4 Qf5 42. Bd6 Be6 43. Bg3 g5 44. Rb2 Rc4 45. Qd8 h5 46. Rb8 Rc8 47. Rxc8 Bxc8 48. h4 Bb7 49. hxg5 Qd5 50. Qxd5 Bxd5 51. f3 Kg6 52. Bh4 Ba2 53. Kg3 Bb1 54. Kf4 Bc2 55. Ke5 Bb1 1/2-1/2

[Event "Wch Seniors 65 26th"]
[Site "Marianske Lazne"]
[Date "2016.11.24"]
[Round "6"]
[White "Tapper, Larry"]
[Black "Bogdanov, Valentin"]
[Result "0-1"]
[WhiteElo "2212"]
[BlackElo "2385"]
[PlyCount "78"]
[EventDate "2016.11.19"]
[EventType "swiss"]
[EventRounds "11"]
[EventCountry "CZE"]
[SourceTitle "CBM 175 Extra"]
[Source "ChessBase"]
[SourceDate "2016.12.12"]
[SourceVersion "1"]
[SourceVersionDate "2016.12.12"]
[SourceQuality "1"]

1. e4 e6 2. d4 d5 3. Nc3 Bb4 4. Nge2 dxe4 5. a3 Be7 6. Nxe4 Nf6 7. N2c3 Nc6 8. Be3 0-0 9. Qd2 e5 10. Nxf6+ Bxf6 11. d5 Nd4 12. Ne4 Be7 13. Bc4 Nf5 14. 0-0-0 Nd6 15. Nxd6 cxd6 16. h3 Bf5 17. Bd3 Qd7 18. g4 Bxd3 19. Qxd3 f5 20. f3 f4 21. Bf2 b5 22. Rhe1 a5 23. Re4 Bd8 24. Kb1 Qb7 25. a4 bxa4 26. Rxa4 Rb8 27. Qa3 Bb6 28. Bxb6 Qxb6 29. Rxa5 e4 30. Ra6 Qb5 31. fxe4 f3 32. Ra5 Qe2 33. Qd3 Rb4 34. Ra3 Rxe4 35. Rf1 Qxf1+ 36. Qxf1 f2 37. Ka2 Re1 38. Qa6 f1Q 39. c4 Ra1+ 0-1

[Event "EU-ch Seniors 65 16th"]
[Site "Yerevan"]
[Date "2016.06.06"]
[Round "2"]
[White "Arakelyan, Anushavan"]
[Black "Bogdanov, Valentin"]
[Result "0-1"]
[WhiteElo "2158"]
[BlackElo "2376"]
[PlyCount "64"]
[EventDate "2016.06.05"]
[EventType "swiss"]
[EventRounds "9"]
[EventCountry "ARM"]
[SourceTitle "CBM 172 Extra"]
[Source "ChessBase"]
[SourceDate "2016.06.21"]
[SourceVersion "1"]
[SourceVersionDate "2016.06.21"]
[SourceQuality "1"]

1. d4 Nf6 2. c4 g6 3. Nc3 d5 4. cxd5 Nxd5 5. e4 Nxc3 6. bxc3 Bg7 7. Nf3 c5 8. Rb1 0-0 9. Be2 b6 10. 0-0 Bb7 11. Qd3 Ba6 12. Qe3 Qd7 13. dxc5 Bxe2 14. Qxe2 bxc5 15. Qc4 Qc6 16. Bf4 Nd7 17. Rfd1 Nb6 18. Qd3 Qe6 19. Qc2 Rfd8 20. Rxd8+ Rxd8 21. Bc7 Rd7 22. Bxb6 axb6 23. g3 c4 24. e5 Rd3 25. Qe2 Qf5 26. Ne1 Rxc3 27. Rxb6 Qxe5 28. Qxe5 Bxe5 29. Kg2 Bd4 30. Rb8+ Kg7 31. a4 e5 32. a5 Ra3 0-1

[Event "Wch Seniors 65 25th"]
[Site "Acqui Terme"]
[Date "2015.11.18"]
[Round "8"]
[White "Wahlbom, Magnus"]
[Black "Bogdanov, Valentin"]
[Result "1/2-1/2"]
[WhiteElo "2241"]
[BlackElo "2374"]
[PlyCount "49"]
[EventDate "2015.11.10"]
[EventType "swiss"]
[EventRounds "11"]
[EventCountry "ITA"]
[SourceTitle "CBM 169 Extra"]
[Source "ChessBase"]
[SourceDate "2015.12.18"]
[SourceVersion "1"]
[SourceVersionDate "2015.12.18"]
[SourceQuality "1"]

1. e4 e6 2. d4 d5 3. Nd2 a6 4. Ngf3 c5 5. dxc5 Bxc5 6. Bd3 Nc6 7. 0-0 Nge7 8. a3 0-0 9. b4 Ba7 10. Bb2 Ng6 11. exd5 exd5 12. Nb3 Nf4 13. Qd2 Qd6 14. Rfe1 Nxd3 15. Qxd3 Qg6 16. Qxg6 hxg6 17. Nfd4 Bf5 18. Nxc6 bxc6 19. Rac1 Rfe8 20. Rxe8+ Rxe8 21. Kf1 Bg4 22. Re1 Rxe1+ 23. Kxe1 Bf5 24. Na5 Bd7 25. Nb3 1/2-1/2

[Event "EU-ch Seniors 12th"]
[Site "Kaunas"]
[Date "2012.08.21"]
[Round "4"]
[White "Butnorius, Algimantas"]
[Black "Bogdanov, Valentin"]
[Result "1/2-1/2"]
[WhiteElo "2388"]
[BlackElo "2374"]
[PlyCount "33"]
[EventDate "2012.08.18"]
[EventType "swiss"]
[EventRounds "9"]
[EventCountry "LTU"]
[SourceTitle "CBM 150 Extra"]
[Source "ChessBase"]
[SourceDate "2012.10.19"]
[SourceVersion "1"]
[SourceVersionDate "2012.10.19"]
[SourceQuality "1"]

1. Nf3 Nf6 2. c4 g6 3. Nc3 d5 4. cxd5 Nxd5 5. Qa4+ Nc6 6. Ne5 Qd6 7. Nxc6 Qxc6 8. Qxc6+ bxc6 9. g3 Bg7 10. Bg2 Be6 11. b3 0-0-0 12. Bb2 Nxc3 13. Bxc3 Bxc3 14. dxc3 Rd6 15. Rd1 Rhd8 16. Rxd6 Rxd6 17. Be4 1/2-1/2